Marketingový mix a jeho tvorba vo firme Peugeot bakalárska práca

Uložené v:
Podrobná bibliografia
Hlavný autor: Laiferová, Denisa
Korporativný autor: Obchodná fakulta EU. Katedra marketingu
Ďalší autori: Loydlová, Miroslava
Médium: Kniha
Jazyk:Slovak
Vydavateľské údaje: Bratislava 2012
Tagy: Pridať tag
Žiadne tagy, Buďte prvý, kto otaguje tento záznam!

MARC

LEADER 00000nbm a2200000 4500
001 0154613
005 20161109111854.7
041 0 |a slo 
044 |a SK 
245 1 0 |a Marketingový mix a jeho tvorba vo firme Peugeot  |b bakalárska práca  |c Denisa Laiferová ; školiteľ: Miroslava Loydlová 
264 1 |a Bratislava  |c 2012 
300 |a 56 s. 
100 1 |a Laiferová, Denisa 
700 1 |a Loydlová, Miroslava 
710 2 |a Obchodná fakulta EU. Katedra marketingu